Project Sekai Focus Event Titles - Statistics

General Stats
  • This quiz has been taken 43 times
  • The average score is 20 of 101
Answer Stats
Event Song % Correct
Kanade1 Carnation Recollection
38%
Mafuyu1 Imprisoned Marionette
38%
An5 Whip the wimp girl!!
38%
Kanade3 Immiscible Discord
35%
Saki3 No seek No find
35%
Akito5 Rekindle the flame
35%
Mizuki1 Secret Distance
35%
Kohane1 Awakening Beat
31%
An4 Light Up the Fire
31%
Nene1 On This Holy Night, I Sing
31%
Kohane5 OVER RAD SQUAD!!
31%
Rui2 Revival my dream
31%
Toya4 The first concerto
31%
Akito2 The Power of Unity
31%
An3 The Vivid Old Tale
31%
Mizuki5 Where Does the Path of Thorns Lead To?
31%
Akito3 Find a Way Out
27%
Saki4 Get Over It.
27%
Airi2 Happy Lovely Everyday
27%
Kohane3 Kick it up a notch
27%
Haruka4 Lead to shine more
27%
Ena2 On This Blank Canvas, I Paint
27%
Mizuki4 Our Escape For Survival
27%
Saki5 Parallel Harmonies
27%
Shiho1 Resonate with you
27%
Haruka5 Rise and Strive
27%
Akito1 STRAY BAD DOG
27%
Toya5 Time to take off!
27%
Saki2 Unnamed Harmony
27%
Kanade5 Unreliable Notes
27%
Mizuki2 What Lies Ahead, What Lies Behind
27%
Mizuki3 And Now, I Wear This Ribbon
23%
An2 Bout for Beside You
23%
Akito4 BURN MY SOUL
23%
Ichika3 Echo my melody
23%
Shizuku5 Grow glorious glow
23%
Ichika1 Knock the Future!!
23%
Ena4 Knowing the Unseen
23%
Ichika2 Live with memories
23%
Kohane4 On Your Feet
23%
Emu4 Our Happy Ending
23%
Shiho2 That Day, the Sky Was Far Away
23%
Airi1 Time to RE:START!
23%
Toya3 Walk on and on
23%
Mafuyu3 What Lies Beyond Guiding a Lost Child
23%
Ena5 With Our Hands, Covered in Wounds
23%
Tsukasa1 Wonder Magical Showtime!
23%
Rui4 Backlight Lens Flare
19%
Airi5 Chase my IDEAL IDOl!
19%
Emu6 Choices for the future
19%
Shiho3 Don't lose faith!
19%
Honami3 Little Bravers!
19%
Emu2 POP IN MY HEART!!
19%
Airi4 Re-tie Friendship
19%
Toya2 Same Dreams, Same Colors
19%
Kanade2 Someday, From the Depths of Despair
19%
Ena3 Someday, This Wish Will Transcend The Morning Sky
19%
Nene5 The Power of Regret
19%
Shizuku2 Cast Spell On You
15%
Shizuku1 Color of Myself!
15%
Saki6 Happy Enjoy Music
15%
Kohane2 Legend still vivid
15%
Mafuyu2 Mirage of Lights
15%
Emu5 perspective for smile
15%
Honami2 Putting Feelings Into Words
15%
Mafuyu5 Reeling in the Lights
15%
Saki1 Stella, First Star After the Rain
15%
Minori4 STEP by STEP!
15%
Shiho4 Stick to your faith
15%
Kanade4 The Tone Played on That Day
15%
Ichika5 This moment with you!
15%
Haruka1 You Deserve It! Break Time!
15%
Nene3 A Desperate Situation!? Island Panic!
12%
Rui3 A Sorrowful Farewell at the Curtain Call
12%
Tsukasa4 A Story Where You Are The Star
12%
Shizuku3 At the End of the Unraveled Threads
12%
Haruka3 Beyond the Dream on That Day
12%
Ichika4 Connected by Our Stellar Song
12%
Haruka2 Connecting Painful Hope
12%
Minori3 Dear My Past Self
12%
Shiho5 Find the dream view
12%
Rui1 Full Power! Wonder Halloween
12%
Nene2 Mesmerized by Mermaids
12%
Minori2 More More Making XMAS
12%
Tsukasa2 On the Stage of Dazzling Light
12%
Toya1 Period of NOCTURNE
12%
Mafuyu4 Saying Goodbye to My Persona
12%
Emu1 Smile of Dreamer
12%
Nene4 The Canary Sings in a Quagmire
12%
Honami4 The Courage to Lead, the Kindness in My Heart
12%
Minori5 The Scars Left Behind, With Time
12%
Shizuku4 The Warmth That Guides Us
12%
Ena1 Unsatisfied Pale Color
12%
Mafuyu6 And So, the Clock Hands Started Ticking
8%
Tsukasa5 Catch the Criminal!? The Tales of Detective Tenma
8%
Airi3 Chasing the Radiance Beyond the Blue Sky
8%
Minori1 Let's Deliver! HOPEFUL STAGE♪
8%
An1 Someday, with Our Lyrics Joined Back-to-Back
8%
Honami1 Through Wavering, You Continue Moving Forward
4%
Tsukasa3 Towards the Phoenix at the Sky's Edge
4%
Emu3 Amidst a Dream, Towards the Shining Stars
0%
No matching quizzes found
Score Distribution
Percent of People with Each Score
Percentile by Number Answered
Your Score History
You have not taken this quiz